000 01016nam a2200265 i 4500
001 183597
003 ES-MaACL
005 20231107125050.0
008 140725s2013 sp | |||||||| | spa d
020 _a978-84-941514-2-2
080 _a821.134.2-14"19"
100 1 _aLopera, José María.
_9147304
245 1 0 _aSedienta verdad de agua marchita
_b= Zazadnâla istina na lres"hnala voda /
_cJosé María Lopera ; traducción de Zhivka Baltadzhieva y Rada Panchovska.
246 3 1 _aZaadnâla istina na lres"hnala voda
250 _aEd. bilingüe español-búlgaro.
260 _a[Toledo] :
_bLastura,
_cD.L. 2013.
300 _a57 p. ;
_c21 cm.
546 _aTexto en español y trad. al búlgaro.
700 1 _aBaltadzhieva, Zhivka.
_9155104
700 1 _aPancovska, Rada (
_d1949-)
_9155106
852 _aES-MaACL
_jA-13198
_9190539
_bR.150150
_cDEPO1
_dOlim: N-6198
_hDonación: José María Lopera
903 _9147304
_aLopera, José María
_ednr
942 _2udc
_cMONOGRAFIA
999 _c183597
_d183597